[Event "Meltwater Tour Final 2021"]
[Site "chess24.com INT"]
[Date "2021.10.02"]
[Round "7.3"]
[White "Carlsen, Magnus"]
[Black "Radjabov, Teimour"]
[Result "0-1"]
[WhiteTitle "GM"]
[BlackTitle "GM"]
[WhiteElo "2855"]
[BlackElo "2763"]
[WhiteFideId "1503014"]
[BlackFideId "13400924"]
[EventDate "2021.09.25"]

1. e4 e5 2. Nf3 Nc6 3. Bb5 Nf6 4. d3 Bc5 5. Bxc6 dxc6 6. O-O Nd7 7. c3 h6 8. d4
Bd6 9. Nbd2 O-O 10. Nc4 exd4 11. Nxd6 cxd6 12. Nxd4 Nf6 13. f3 Re8 14. c4 Qb6
15. Re1 d5 16. cxd5 Nxd5 17. Kh1 Ne7 18. Nb3 Qc7 19. Be3 b6 20. Nd4 c5 21. Nb5
Qc6 22. a4 a6 23. Nc3 Be6 24. Qe2 f5 25. Qf2 Rac8 26. h3 Ng6 27. Qf1 f4 28. Bd2
Rcd8 29. Nd5 Bxd5 30. exd5 Qxd5 31. Rxe8+ Rxe8 32. Bc3 Nh4 33. Rd1 Qg5 34. Rd7
Nf5 35. Qc4+ Kh7 36. Qf7 Re7 37. Qxf5+ Qxf5 38. Rxe7 Qg5 39. Ra7 b5 40. axb5
axb5 41. Ra5 c4 42. Ra7 Kg8 43. Rb7 g6 44. Kh2 Kf8 45. Kh1 Ke8 46. Bb4 Qf6 47.
Bc3 Qf5 48. Kh2 g5 49. Rb6 h5 50. Rh6 g4 51. hxg4 hxg4 52. fxg4 Qxg4 53. Rh3 Kd7
54. Rf3 Ke6 55. Kg1 Qf5 56. Kf1 Kd5 57. Kg1 Kc5 58. Kh2 b4 59. Bh8 Kd5 60. Rh3
Ke4 61. Rf3 Qh7+ 62. Rh3 Qc7 63. Kg1 Qb6+ 64. Kh2 Qb8 65. Kg1 c3 66. Bxc3 bxc3
67. bxc3 Qb6+ 68. Kh2 Qf2 69. Rf3 Qe3 70. Rh3 Kd3 71. Rf3 Kxc3 72. Kh3 Kd4 73.
Kh4 Ke4 74. Kg4 Qe2 0-1

[Event "Meltwater Tour Final 2021"]
[Site "chess24.com INT"]
[Date "2021.10.02"]
[Round "7.3"]
[White "Mamedyarov, Shakhriyar"]
[Black "Giri, Anish"]
[Result "1-0"]
[WhiteTitle "GM"]
[BlackTitle "GM"]
[WhiteElo "2762"]
[BlackElo "2777"]
[WhiteFideId "13401319"]
[BlackFideId "24116068"]
[EventDate "2021.09.25"]

1. d4 d5 2. c4 c6 3. Nc3 Nf6 4. e3 e6 5. Nf3 Nbd7 6. Qc2 Bd6 7. b3 O-O 8. Be2 b6
9. O-O Bb7 10. Bb2 Qe7 11. Rad1 Rad8 12. Rfe1 Rfe8 13. h3 c5 14. cxd5 exd5 15.
Bb5 Bb8 16. Ba3 Qe6 17. Ng5 Qd6 18. Nf3 a6 19. Bxd7 Nxd7 20. Na4 Rc8 21. Rc1 Ba7
22. Red1 Qf6 23. Nc3 c4 24. bxc4 dxc4 25. e4 b5 26. Re1 Qg6 27. Nh4 Qb6 28. Nf5
Rcd8 29. Be7 Ra8 30. Bd6 g6 31. Ne7+ Kg7 32. e5 Qxd4 33. Rcd1 Qh4 34. Ncd5 Nc5
35. e6 Bxd5 36. Nxd5 Nxe6 37. Be5+ Kf8 38. Qb2 f5 39. g3 Qxh3 40. Qa3+ Kf7 41.
Nf4 b4 42. Rd7+ Kg8 43. Nxe6 Rxe6 44. Rg7+ Kf8 45. Qxb4+ Ke8 46. Rg8+ Kf7 47.
Qb7+ 1-0

[Event "Meltwater Tour Final 2021"]
[Site "chess24.com INT"]
[Date "2021.10.02"]
[Round "7.4"]
[White "Artemiev, Vladislav"]
[Black "Duda, Jan-Krzysztof"]
[Result "1/2-1/2"]
[WhiteTitle "GM"]
[BlackTitle "GM"]
[WhiteElo "2699"]
[BlackElo "2756"]
[WhiteFideId "24101605"]
[BlackFideId "1170546"]
[EventDate "2021.09.25"]

1. d4 Nf6 2. Nf3 d5 3. Bf4 c5 4. e3 Nc6 5. Nbd2 Qb6 6. dxc5 Qxb2 7. Rb1 Qc3 8.
Bb5 g6 9. O-O Bg7 10. Nd4 Bd7 11. N2b3 O-O 12. Qd3 Qxd3 13. cxd3 Nh5 14. Bg5 f6
15. Bh4 g5 16. Bg3 e5 17. Nxc6 bxc6 18. Ba4 f5 19. f4 gxf4 20. exf4 Nxg3 21.
hxg3 e4 22. dxe4 fxe4 23. Rfd1 Rf7 24. Nd4 Rc8 25. Kf2 h5 26. Ke3 Bf8 27. Rdc1
Rg7 28. Ne2 Bg4 29. Nd4 Bd7 30. Ne2 Bg4 31. Nd4 Bd7 1/2-1/2

[Event "Meltwater Tour Final 2021"]
[Site "chess24.com INT"]
[Date "2021.10.02"]
[Round "7.4"]
[White "Radjabov, Teimour"]
[Black "Carlsen, Magnus"]
[Result "1-0"]
[WhiteTitle "GM"]
[BlackTitle "GM"]
[WhiteElo "2763"]
[BlackElo "2855"]
[WhiteFideId "13400924"]
[BlackFideId "1503014"]
[EventDate "2021.09.25"]

1. d4 g6 2. e4 d6 3. Nf3 Nf6 4. Nc3 Bg7 5. Be2 O-O 6. O-O a6 7. a4 Nc6 8. Be3 b6
9. d5 Nb8 10. Nd4 Bb7 11. f3 c6 12. dxc6 Nxc6 13. Nxc6 Bxc6 14. Qd2 Re8 15. Rfd1
Nd7 16. Bd4 Bf8 17. Bc4 e6 18. Bf1 Qc7 19. Be3 Qb7 20. b4 b5 21. axb5 axb5 22.
Bf2 h5 23. Ra5 Rxa5 24. bxa5 Ra8 25. Nxb5 d5 26. Nd4 Nf6 27. a6 Qc7 28. Qc3 1-0

[Event "Meltwater Tour Final 2021"]
[Site "chess24.com INT"]
[Date "2021.10.03"]
[Round "8.1"]
[White "Aronian, Levon"]
[Black "Carlsen, Magnus"]
[Result "1-0"]
[WhiteTitle "GM"]
[BlackTitle "GM"]
[WhiteElo "2782"]
[BlackElo "2855"]
[WhiteFideId "13300474"]
[BlackFideId "1503014"]
[EventDate "2021.09.25"]

1. e4 Nc6 2. d4 d5 3. e5 Bf5 4. c3 e6 5. Bd3 Nge7 6. Ne2 h5 7. Bg5 Qd7 8. h4
Bxd3 9. Qxd3 Nf5 10. Nd2 Be7 11. Bxe7 Ncxe7 12. Nf3 O-O-O 13. a4 Ng6 14. g3 f6
15. b4 Kb8 16. O-O Rhf8 17. Kh2 Qf7 18. Neg1 Nh6 19. Rae1 Ng4+ 20. Kg2 fxe5 21.
dxe5 Qe8 22. Nh3 Rf5 23. Nhg5 N6xe5 24. Nxe5 Nxe5 25. Qd4 Nc6 26. Qd3 Rf6 27. b5
Na5 28. Qh7 e5 29. Qxg7 Rf5 30. Qh7 Rf8 31. f4 e4 32. f5 Qe5 33. f6 Qxc3 34. f7
Nc4 35. Ne6 Qd2+ 36. Kh3 Ne5 37. Nxf8 Nf3 38. Nd7+ Ka8 39. Qxh5 Nxe1 40. f8=Q 1-0

[Event "Meltwater Tour Final 2021"]
[Site "chess24.com INT"]
[Date "2021.10.03"]
[Round "8.1"]
[White "Giri, Anish"]
[Black "Vachier-Lagrave, Maxime"]
[Result "1-0"]
[WhiteTitle "GM"]
[BlackTitle "GM"]
[WhiteElo "2777"]
[BlackElo "2763"]
[WhiteFideId "24116068"]
[BlackFideId "623539"]
[EventDate "2021.09.25"]

1. Nf3 c5 2. c4 Nc6 3. d4 cxd4 4. Nxd4 Nf6 5. Nc3 e6 6. Bf4 d5 7. cxd5 Nxd5 8.
Nxc6 bxc6 9. Bd2 Rb8 10. e4 Nxc3 11. Bxc3 Qxd1+ 12. Kxd1 f6 13. e5 Kf7 14. Bc4
Bb4 15. Kc2 Rd8 16. Rad1 Rxd1 17. Rxd1 Bxc3 18. Kxc3 Ke7 19. exf6+ gxf6 20. Rd3
Bd7 21. Rh3 Rh8 22. Rh6 e5 23. Bd3 Kf7 24. Rxh7+ Rxh7 25. Bxh7 f5 26. g4 fxg4
27. Kb4 Be6 28. a4 Kf6 29. Kc5 Bd5 30. b4 Bf3 31. Kd6 e4 32. a5 Bg2 33. a6 Kg5
34. Ke5 Bf1 35. Bxe4 Bxa6 36. Bxc6 Be2 37. Bg2 Kh4 38. Kd6 a6 39. Kc5 Bd3 40.
Kb6 Be2 41. Ka7 Bd3 42. Bb7 Kh3 43. Bxa6 Be4 44. Be2 1-0

[Event "Meltwater Tour Final 2021"]
[Site "chess24.com INT"]
[Date "2021.10.03"]
[Round "8.1"]
[White "So, Wesley"]
[Black "Duda, Jan-Krzysztof"]
[Result "1/2-1/2"]
[WhiteTitle "GM"]
[BlackTitle "GM"]
[WhiteElo "2778"]
[BlackElo "2756"]
[WhiteFideId "5202213"]
[BlackFideId "1170546"]
[EventDate "2021.09.25"]

1. d4 Nf6 2. c4 g6 3. f3 e6 4. e4 d5 5. cxd5 exd5 6. e5 Nfd7 7. Nc3 c5 8. f4 Nc6
9. Nf3 cxd4 10. Nxd4 Ndxe5 11. Bb5 a6 12. Ba4 Bd7 13. Nxc6 Nxc6 14. Qxd5 Qe7+
15. Kf2 O-O-O 16. Be3 Be6 17. Qe4 f5 18. Qc2 Nb4 19. Nd5+ Nxc2 20. Nxe7+ Bxe7
21. Bxc2 Bf6 22. Rac1 Kb8 23. b3 Rc8 24. Bd3 Rxc1 25. Rxc1 Rc8 26. Rxc8+ Kxc8
27. Bb6 Kd7 28. Ke3 Bd5 29. g3 Kc6 30. Bd4 Be7 31. Bf1 1/2-1/2

[Event "Meltwater Tour Final 2021"]
[Site "chess24.com INT"]
[Date "2021.10.03"]
[Round "8.2"]
[White "Duda, Jan-Krzysztof"]
[Black "So, Wesley"]
[Result "1/2-1/2"]
[WhiteTitle "GM"]
[BlackTitle "GM"]
[WhiteElo "2756"]
[BlackElo "2778"]
[WhiteFideId "1170546"]
[BlackFideId "5202213"]
[EventDate "2021.09.25"]

1. d4 d5 2. c4 dxc4 3. Nf3 Nf6 4. e3 e6 5. Bxc4 a6 6. O-O c5 7. b3 cxd4 8. Nxd4
Be7 9. Bb2 O-O 10. Nd2 b5 11. Be2 Bb7 12. a4 Nc6 13. Bf3 Nd5 14. Nxc6 Bxc6 15.
Ne4 Nb4 16. Bd4 Rc8 17. Qe2 bxa4 18. bxa4 Qd7 19. Rfd1 Bxa4 20. Bxg7 Bxd1 21.
Rxd1 Rfd8 22. Rxd7 Rc1+ 23. Qd1 Rxd1+ 24. Rxd1 Rxd1+ 25. Bxd1 Kxg7 26. Kf1 Nd3
27. Be2 Nc5 28. Nxc5 Bxc5 29. Bxa6 h6 30. g3 Bb4 31. Bb5 e5 32. Ba6 f6 33. Bb5
Ba5 34. Ba6 Bb4 35. Bb5 Ba5 36. Ba6 Bb4 1/2-1/2

[Event "Meltwater Tour Final 2021"]
[Site "chess24.com INT"]
[Date "2021.10.03"]
[Round "8.2"]
[White "Carlsen, Magnus"]
[Black "Aronian, Levon"]
[Result "1/2-1/2"]
[WhiteTitle "GM"]
[BlackTitle "GM"]
[WhiteElo "2855"]
[BlackElo "2782"]
[WhiteFideId "1503014"]
[BlackFideId "13300474"]
[EventDate "2021.09.25"]

1. c4 Nf6 2. Nc3 e6 3. e4 d5 4. e5 d4 5. exf6 dxc3 6. fxg7 cxd2+ 7. Bxd2 Bxg7 8.
Qb3 Nc6 9. Nf3 Qe7 10. Bd3 a5 11. Be4 a4 12. Qb5 O-O 13. O-O f5 14. Bxc6 bxc6
15. Qxc6 Ra6 16. Qb5 Rb6 17. Qxa4 Bb7 18. c5 Rxb2 19. Rab1 Ra8 20. Qf4 Rxb1 21.
Rxb1 Be4 22. Re1 Rxa2 23. Qg3 Bxf3 24. Bg5 Qxc5 25. gxf3 Qd6 26. Bf4 e5 27. Bxe5
Qg6 28. Bxg7 Qxg3+ 29. hxg3 Kxg7 30. Rc1 h5 31. Rxc7+ Kg6 32. Rc6+ Kg7 33. Rc4
Kg6 34. Kg2 Rb2 35. Rc8 Kg7 36. Re8 Ra2 37. Kf1 h4 38. g4 h3 39. Re1 fxg4 40.
fxg4 Kf6 41. Kg1 Kg5 42. Re4 h2+ 43. Kxh2 Rxf2+ 44. Kg3 Rf1 45. Re5+ Kg6 46. Rf5
Rxf5 47. gxf5+ Kxf5 1/2-1/2

[Event "Meltwater Tour Final 2021"]
[Site "chess24.com INT"]
[Date "2021.10.03"]
[Round "8.2"]
[White "Vachier-Lagrave, Maxime"]
[Black "Giri, Anish"]
[Result "1/2-1/2"]
[WhiteTitle "GM"]
[BlackTitle "GM"]
[WhiteElo "2763"]
[BlackElo "2777"]
[WhiteFideId "623539"]
[BlackFideId "24116068"]
[EventDate "2021.09.25"]

1. e4 e5 2. Nf3 Nf6 3. Nxe5 d6 4. Nf3 Nxe4 5. Bd3 d5 6. Qe2 Be7 7. Bxe4 dxe4 8.
Qxe4 O-O 9. O-O c5 10. d4 cxd4 11. Qxd4 Nc6 12. Qxd8 Rxd8 13. c3 b5 14. Be3 Be6
15. Re1 h6 16. Nbd2 b4 17. Nb3 bxc3 18. bxc3 Ba3 19. Rad1 a5 20. Rxd8+ Rxd8 21.
Nfd4 Nxd4 22. Nxd4 Bc4 23. Bc1 Bf8 24. a4 Rc8 25. Bd2 Bc5 26. h4 f6 27. Rb1 Bf7
28. Nb5 Be7 29. Be3 Rc4 30. Ra1 Bc5 31. Bxc5 Rxc5 32. Nd6 Rxc3 33. Rb1 Bg6 34.
Rb5 Rc6 35. Nb7 Rc1+ 36. Kh2 Rc4 37. Rxa5 Rxh4+ 38. Kg3 Rb4 39. Ra8+ Kh7 40. Ra7
h5 41. Nc5 h4+ 42. Kf3 Kh6 43. Rc7 Rc4 44. Ke3 Rc3+ 45. Kd4 Rc2 46. Ke3 Rc3+ 47.
Kd4 Rc2 48. Ke3 Rc3+ 1/2-1/2

[Event "Meltwater Tour Final 2021"]
[Site "chess24.com INT"]
[Date "2021.10.03"]
[Round "8.3"]
[White "So, Wesley"]
[Black "Duda, Jan-Krzysztof"]
[Result "1/2-1/2"]
[WhiteTitle "GM"]
[BlackTitle "GM"]
[WhiteElo "2778"]
[BlackElo "2756"]
[WhiteFideId "5202213"]
[BlackFideId "1170546"]
[EventDate "2021.09.25"]

1. Nf3 Nf6 2. c4 e6 3. g3 d5 4. Bg2 dxc4 5. Qa4+ Nbd7 6. Qxc4 a6 7. Qc2 c5 8.
Nc3 Ra7 9. O-O b5 10. d3 Bb7 11. a4 b4 12. Ne4 Nxe4 13. dxe4 a5 14. Rd1 Qc8 15.
Bf4 Be7 16. Bd6 Bxd6 17. Rxd6 Ra6 18. Rd2 Rc6 19. Rad1 Rc7 20. Rd6 O-O 21. Qd2
Nf6 22. Ne5 c4 23. Ng4 c3 24. Nxf6+ gxf6 25. Qh6 c2 26. Rc1 Rd8 27. e5 Rxd6 28.
exd6 Rc5 29. Bxb7 Qxb7 30. Qd2 Rd5 31. Qxc2 Rxd6 32. Qc4 Qd5 33. Qg4+ Qg5 34.
Rc8+ Kg7 35. Qf3 Rd4 36. Rb8 Qd5 37. Kg2 Qxf3+ 38. Kxf3 Rd2 39. Rb5 Rxb2 40.
Rxa5 b3 41. Ke3 Rc2 42. Kd3 Rc1 43. Rb5 Ra1 44. Rb4 b2 45. Rxb2 Rxa4 1/2-1/2

[Event "Meltwater Tour Final 2021"]
[Site "chess24.com INT"]
[Date "2021.10.03"]
[Round "8.3"]
[White "Radjabov, Teimour"]
[Black "Mamedyarov, Shakhriyar"]
[Result "1/2-1/2"]
[WhiteTitle "GM"]
[BlackTitle "GM"]
[WhiteElo "2763"]
[BlackElo "2762"]
[WhiteFideId "13400924"]
[BlackFideId "13401319"]
[EventDate "2021.09.25"]

1. d4 Nf6 2. c4 e6 3. Nf3 d5 4. Nc3 Bb4 5. cxd5 exd5 6. Bf4 Ne4 7. Rc1 Nc6 8.
Nd2 g5 9. Be3 Nxc3 10. bxc3 Ba3 11. Rb1 f5 12. g3 Bd6 13. f4 gxf4 14. gxf4 Qe7
15. Bf2 Bxf4 16. Rg1 b6 17. Nf3 Bd7 18. Bh4 Qe6 19. c4 Rg8 20. cxd5 Qxd5 21.
Rxg8+ Qxg8 22. e3 Bxe3 23. d5 Ne7 24. Ne5 Qxd5 25. Nxd7 Qxd7 26. Qxd7+ Kxd7 27.
Rd1+ Ke8 28. Bc4 Ng6 29. Bf6 Bf4 30. Rd5 Bxh2 31. Rxf5 Kd7 32. Rh5 Bd6 33. Rxh7+
Kc6 34. Kd2 b5 35. Bd3 Rg8 36. Bd4 Bf4+ 37. Kc2 Ne5 38. Be4+ Kd6 39. Bxa7 c5 40.
Rb7 Nc4 41. Bb8+ Ke6 42. Bxf4 Rg4 43. Bd3 Rxf4 44. Bxc4+ Rxc4+ 45. Kb3 Rb4+ 46.
Kc3 Kd5 47. Rb6 Rc4+ 48. Kb2 b4 49. a3 bxa3+ 50. Kxa3 Rh4 51. Kb2 Rh2+ 52. Kc3
Rh3+ 53. Kc2 Kc4 54. Rg6 Rh2+ 55. Kc1 Kc3 56. Rg3+ Kb4 57. Rg4+ c4 58. Rg3 c3
59. Rg8 Rh1+ 60. Kc2 Rh2+ 61. Kc1 Rh1+ 62. Kc2 Rh2+ 63. Kc1 1/2-1/2

[Event "Meltwater Tour Final 2021"]
[Site "chess24.com INT"]
[Date "2021.10.03"]
[Round "8.3"]
[White "Aronian, Levon"]
[Black "Carlsen, Magnus"]
[Result "1/2-1/2"]
[WhiteTitle "GM"]
[BlackTitle "GM"]
[WhiteElo "2782"]
[BlackElo "2855"]
[WhiteFideId "13300474"]
[BlackFideId "1503014"]
[EventDate "2021.09.25"]

1. d4 Nf6 2. c4 g6 3. Nf3 Bg7 4. g3 d6 5. Bg2 Bf5 6. O-O O-O 7. Nc3 Ne4 8. Nxe4
Bxe4 9. Be3 c5 10. dxc5 Bxb2 11. Rb1 Bxb1 12. Qxb1 Bf6 13. Qxb7 Nd7 14. cxd6
exd6 15. Nd4 Rc8 16. Nc6 Qc7 17. Rb1 a5 18. Qxc7 Rxc7 19. Nxa5 Rfc8 20. Rd1 Be7
21. Bd5 Nc5 22. Bd4 Kf8 23. Rb1 Ra7 24. Rb5 Bd8 25. Nc6 Rxa2 26. Bxc5 dxc5 27.
Rb7 Rxc6 28. Bxc6 Rxe2 29. Rb8 Ke7 30. Bd5 Ke8 31. h4 f5 32. Kf1 Rd2 33. Kg2 Kd7
34. Bg8 h6 35. Bh7 Rd6 36. h5 gxh5 37. Bxf5+ Ke7 38. Be4 h4 39. gxh4 Rd4 40. Bd5
Rxh4 41. Rb7+ Kd6 42. Kg3 Bg5 43. Rf7 Ke5 44. f4+ Rxf4 45. Rxf4 Bxf4+ 46. Kg4
Bg5 47. Kh5 Bf4 48. Kg4 Bg5 49. Kh5 Bf4 50. Kg4 1/2-1/2

[Event "Meltwater Tour Final 2021"]
[Site "chess24.com INT"]
[Date "2021.10.03"]
[Round "8.4"]
[White "Duda, Jan-Krzysztof"]
[Black "So, Wesley"]
[Result "1/2-1/2"]
[WhiteTitle "GM"]
[BlackTitle "GM"]
[WhiteElo "2756"]
[BlackElo "2778"]
[WhiteFideId "1170546"]
[BlackFideId "5202213"]
[EventDate "2021.09.25"]

1. d4 Nf6 2. c4 e6 3. Nf3 d5 4. Nc3 Be7 5. Bf4 O-O 6. e3 Nbd7 7. c5 Nh5 8. Bd3
Nxf4 9. exf4 b6 10. b4 a5 11. a3 c6 12. O-O Ba6 13. g3 Bf6 14. Qe2 Bxd3 15. Qxd3
Qc7 16. h4 h6 17. Rfc1 Qb7 18. Rab1 axb4 19. axb4 Ra3 20. Ne1 bxc5 21. bxc5 Qa7
22. Nf3 Ra8 23. Ne5 Nxe5 24. fxe5 Bd8 25. Qd1 f6 26. exf6 Bxf6 27. Rb6 Qd7 28.
Qg4 h5 29. Qxh5 Bxd4 30. Ne2 Bf6 31. Nf4 Bd4 32. Ne2 Bf6 33. Nf4 Bd4 34. Ne2 1/2-1/2

[Event "Meltwater Tour Final 2021"]
[Site "chess24.com INT"]
[Date "2021.10.03"]
[Round "8.4"]
[White "Mamedyarov, Shakhriyar"]
[Black "Radjabov, Teimour"]
[Result "0-1"]
[WhiteTitle "GM"]
[BlackTitle "GM"]
[WhiteElo "2762"]
[BlackElo "2763"]
[WhiteFideId "13401319"]
[BlackFideId "13400924"]
[EventDate "2021.09.25"]

1. d4 Nf6 2. c4 g6 3. Nf3 Bg7 4. g3 c6 5. Bg2 d5 6. b3 dxc4 7. bxc4 c5 8. Bb2
cxd4 9. Nxd4 O-O 10. O-O Ng4 11. e3 Ne5 12. Qe2 Nbc6 13. Na3 Bg4 14. f3 Bd7 15.
f4 Ng4 16. Nxc6 bxc6 17. Bxg7 Kxg7 18. Qb2+ Nf6 19. Qc3 Qc7 20. e4 Kg8 21. Nc2
e5 22. h3 Rae8 23. fxe5 Nh5 24. Rad1 Re7 25. Rd6 Rfe8 26. g4 Ng7 27. c5 Rxe5 28.
Ne3 R5e7 29. Nf5 gxf5 30. gxf5 Re5 31. Qg3 Kh8 32. Rh6 Bxf5 33. exf5 Qe7 34. f6
Qxc5+ 35. Kh2 Ne6 36. Qh4 Ng5 37. Qf2 Qf8 38. Rh5 Ne4 39. Qh4 Rxh5 40. Qxh5 Qd6+
41. Kg1 Ng3 42. Qd1 Qc5+ 43. Rf2 Rg8 44. Qe1 Qg5 45. Kh2 c5 46. Qc3 Ne4 0-1

[Event "Meltwater Tour Final 2021"]
[Site "chess24.com INT"]
[Date "2021.10.03"]
[Round "8.4"]
[White "Vachier-Lagrave, Maxime"]
[Black "Giri, Anish"]
[Result "1/2-1/2"]
[WhiteTitle "GM"]
[BlackTitle "GM"]
[WhiteElo "2763"]
[BlackElo "2777"]
[WhiteFideId "623539"]
[BlackFideId "24116068"]
[EventDate "2021.09.25"]

1. e4 e5 2. Nf3 Nf6 3. d4 Nxe4 4. dxe5 d5 5. Nbd2 Qd7 6. Qe2 Nc5 7. h4 b6 8. h5
Ne6 9. Nb3 Ba6 10. Qd1 Bxf1 11. Kxf1 c5 12. c3 Nc6 13. Qe2 Be7 14. h6 g6 15. Bd2
O-O 16. Re1 Rae8 17. c4 f6 18. Qd3 d4 19. exf6 Bxf6 20. Nc1 Ned8 21. Bf4 Rxe1+
22. Kxe1 Nb4 23. Qb3 d3 24. a3 Ne6 25. Be3 Nc2+ 26. Kd2 Ncd4 27. Qxd3 Qc6 28.
Bxd4 cxd4 29. Re1 Nc5 30. Qc2 Bg5+ 31. Kd1 Rxf3 32. gxf3 d3 33. Nxd3 Qxf3+ 34.
Qe2 Qxd3+ 35. Qxd3 Nxd3 36. Re8+ Kf7 37. Ra8 Nxb2+ 38. Kc2 Nxc4 39. Rxa7+ Kg8
40. Rg7+ Kh8 41. Rc7 Nxa3+ 42. Kb3 Bxh6 43. Kxa3 Bf4 44. Rb7 Bd6+ 45. Kb3 Bc5
46. f3 h5 47. Rd7 h4 48. Rd2 Kg7 49. Kc4 Kf6 50. Kd3 Kf5 51. Ke2 g5 52. Kf1 g4
53. fxg4+ Kxg4 54. Kg2 Kf4 55. Kh3 Ke3 56. Rb2 Kd3 57. Rxb6 Bxb6 58. Kxh4 1/2-1/2

[Event "Meltwater Tour Final 2021"]
[Site "chess24.com INT"]
[Date "2021.10.03"]
[Round "8.4"]
[White "Carlsen, Magnus"]
[Black "Aronian, Levon"]
[Result "0-1"]
[WhiteTitle "GM"]
[BlackTitle "GM"]
[WhiteElo "2855"]
[BlackElo "2782"]
[WhiteFideId "1503014"]
[BlackFideId "13300474"]
[EventDate "2021.09.25"]

1. d4 Nf6 2. c4 e6 3. Nc3 Bb4 4. a3 Bxc3+ 5. bxc3 b6 6. f3 Nc6 7. e4 d6 8. Nh3
Na5 9. Bd3 Ba6 10. Rb1 Qd7 11. Qe2 c5 12. O-O Qa4 13. Bf4 Rd8 14. Bxd6 Rxd6 15.
e5 Rd8 16. exf6 gxf6 17. d5 Bxc4 18. Qe4 Rxd5 19. Nf4 f5 20. Qe3 Rd7 21. Qe5 Rf8
22. Bxf5 Bxf1 23. Bxe6 fxe6 24. Nxe6 Nc6 25. Qh5+ Rff7 26. Re1 Re7 0-1

[Event "Meltwater Tour Final 2021"]
[Site "chess24.com INT"]
[Date "2021.10.03"]
[Round "8.5"]
[White "So, Wesley"]
[Black "Duda, Jan-Krzysztof"]
[Result "1-0"]
[WhiteTitle "GM"]
[BlackTitle "GM"]
[WhiteElo "2778"]
[BlackElo "2756"]
[WhiteFideId "5202213"]
[BlackFideId "1170546"]
[EventDate "2021.09.25"]

1. c4 Nf6 2. g3 c5 3. Bg2 d5 4. cxd5 Nxd5 5. Nc3 Nc7 6. Nf3 Nc6 7. O-O e5 8. d3
Be7 9. Nd2 Bd7 10. Nc4 b5 11. Ne3 O-O 12. a4 b4 13. Ncd5 Nxd5 14. Nxd5 Rc8 15.
f4 exf4 16. gxf4 Bg4 17. h3 Bh5 18. f5 Bd6 19. Be3 Re8 20. f6 Be5 21. Qd2 gxf6
22. Kh1 Kh8 23. Bxc5 Rg8 24. e4 Bd4 25. Rac1 Bxc5 26. Rxc5 Qd6 27. Qf2 f5 28.
Rfc1 fxe4 29. Qf6+ Qxf6 30. Nxf6 exd3 31. Rxh5 Rg7 32. Rxc6 Rd8 33. Rd5 Rgg8 34.
Nxg8 1-0

[Event "Meltwater Tour Final 2021"]
[Site "chess24.com INT"]
[Date "2021.10.03"]
[Round "8.6"]
[White "Duda, Jan-Krzysztof"]
[Black "So, Wesley"]
[Result "1/2-1/2"]
[WhiteTitle "GM"]
[BlackTitle "GM"]
[WhiteElo "2756"]
[BlackElo "2778"]
[WhiteFideId "1170546"]
[BlackFideId "5202213"]
[EventDate "2021.09.25"]

1. Nf3 d5 2. c4 e6 3. g3 Nf6 4. Bg2 d4 5. O-O c5 6. e3 Nc6 7. exd4 cxd4 8. d3
Bd6 9. Re1 O-O 10. Na3 Re8 11. Bg5 h6 12. Bxf6 Qxf6 13. Nc2 a5 14. Nd2 Bf8 15.
Rb1 e5 16. a3 a4 17. b4 axb3 18. Rxb3 Bf5 19. Ne4 Qe7 20. Qb1 Ra7 21. Nb4 Nxb4
22. axb4 Qd7 23. c5 Be6 24. Rb2 Bd5 25. Nd2 Bxg2 26. Kxg2 Qd5+ 27. f3 Ra3 28.
Rb3 Ra6 29. b5 Ra4 30. c6 bxc6 31. b6 c5 32. Nc4 Rb4 33. Rxb4 cxb4 34. Qa2 Ra8
35. Qb2 f6 36. Ra1 Kh7 37. h4 h5 38. Rxa8 Qxa8 39. Qe2 b3 40. Qe4+ Qxe4 41. fxe4
Bc5 42. b7 Ba7 43. Kf3 Kg8 44. Ke2 Kf7 45. Kd1 Ke6 46. Na5 Kd6 47. Nxb3 Kc7 48.
Na5 Bb6 49. Nc4 Bc5 50. g4 hxg4 51. h5 Kxb7 52. Ke2 Kc6 53. Kf2 Kb5 54. Nd2 Kb4
55. Nf1 Kc3 56. Ke2 Kc2 57. Ng3 Bb4 58. Nf5 Bf8 59. Nh4 g3 60. Ng2 Kc3 61. Ne1
Be7 62. Ng2 Bf8 63. Ne1 Be7 64. Ng2 Bf8 1/2-1/2

[Event "Meltwater Tour Final 2021"]
[Site "chess24.com INT"]
[Date "2021.10.04"]
[Round "9.1"]
[White "Mamedyarov, Shakhriyar"]
[Black "Aronian, Levon"]
[Result "0-1"]
[WhiteTitle "GM"]
[BlackTitle "GM"]
[WhiteElo "2762"]
[BlackElo "2782"]
[WhiteFideId "13401319"]
[BlackFideId "13300474"]
[EventDate "2021.09.25"]

1. d4 Nf6 2. c4 e6 3. Nf3 d5 4. Nc3 Bb4 5. Bg5 dxc4 6. e4 b5 7. a4 c5 8. Be2 Nc6
9. d5 exd5 10. exd5 Qxd5 11. O-O Qxd1 12. Rfxd1 bxa4 13. Bxc4 O-O 14. Bxf6 gxf6
15. Bd5 Bb7 16. Nxa4 Rfd8 17. Rac1 Rd7 18. Nxc5 Bxc5 19. Rxc5 Rad8 20. Rd2 Ne5
21. Bxb7 Nxf3+ 22. Bxf3 Rxd2 23. h3 Rxb2 24. Rc7 a5 25. Ra7 Rb5 26. h4 Rc5 27.
Kh2 Rd4 28. Kg3 a4 29. Bg4 0-1

[Event "Meltwater Tour Final 2021"]
[Site "chess24.com INT"]
[Date "2021.10.04"]
[Round "9.1"]
[White "Artemiev, Vladislav"]
[Black "Giri, Anish"]
[Result "1/2-1/2"]
[WhiteTitle "GM"]
[BlackTitle "GM"]
[WhiteElo "2699"]
[BlackElo "2777"]
[WhiteFideId "24101605"]
[BlackFideId "24116068"]
[EventDate "2021.09.25"]

1. e4 e5 2. Nf3 Nc6 3. Nc3 Nf6 4. Bb5 Nd4 5. Bc4 Bc5 6. d3 d6 7. h3 c6 8. Nxd4
Bxd4 9. Qf3 h6 10. Ne2 Bb6 11. Ng3 O-O 12. O-O Be6 13. a4 d5 14. Ba2 a5 15. Re1
Re8 16. Nf5 Bxf5 17. Qxf5 g6 18. Qf3 Kg7 19. Re2 dxe4 20. dxe4 Qe7 21. Bd2 Red8
22. g3 Rd6 23. Kg2 Rad8 24. Be1 R8d7 25. b4 Qd8 26. Rb1 Rd1 27. Rxd1 Rxd1 28.
Qb3 Rd7 29. Bc3 Qc7 30. bxa5 Bxa5 31. Bb2 Bb6 32. f4 Bd4 33. Bxd4 exd4 34. Qd3
c5 35. Bc4 b6 36. e5 Qb7+ 37. Qf3 Nd5 38. Bxd5 Qxd5 39. Qxd5 Rxd5 40. Kf2 d3 41.
cxd3 Rxd3 42. Rb2 Ra3 43. Rxb6 Rxa4 44. Rb7 Kg8 45. Rc7 Rc4 46. Kf3 h5 47. Rc8+
Kg7 48. Rc7 Kg8 49. Rc8+ Kg7 50. Rc7 Kg8 1/2-1/2